000 00215 a2200097 4500
001 47798
100 _aBurke S
245 _aPakistan's foreign policy
260 _aKarachi
_bHerald press
_c
090 _c30800
_d30800
942 _aNUST-CAE
_cM
_c23115
999 _c282871
_d282871